000 003390000a22001450004500
005 20120302055451.0
942 _cBOOK
245 _a Bhaashechaa Navaa Abhyaas
260 _aPune:Jagatap-Kaarale Prakaashan,1960.
300 _a210p.
040 _aMAR
365 _b2/-
650 _aBhaashaashastra
650 _aMaraathi-Bhaashaashastra
999 _c348483
_d348480